000 00230nmm a2200085Ia 4500
008 220120s9999||||xx |||||||||||||||||und||
100 _aDigit
245 0 _aCavaj Java Decompiler VI..11 : Xenoage Java Exe Starter 2.0,
260 _c2006
999 _c138793
_d138793